000 00397nam a22001337a 4500
008 240925b |||||||| |||| 00| 0 eng d
020 _a9781611809336
082 _a294.382 PAD
110 _aPadmakara Translation Group.
245 _aThe precious treasury of the fundamental nature.
260 _aColorado :
_bShambhala Publication,
_c2021.
300 _axv, 301 p.
_bill. ;
_c22 cm.
942 _2ddc
999 _c10464
_d10465